Размърдай си задника: не се скатавай! Работи! (Запис номер 114358)
[ съкратено ]
| 000 -Лидер | |
|---|---|
| Контролно поле с фиксирана дължина | 02302nam a2200457 c 4500 |
| 003 - Код на организацията, давaща контролен номер | |
| Контролно поле | BLK |
| 005 - Дата и час на последна редакция | |
| Контролно поле | 20240417154448.0 |
| 008 - Елементи от данни с фиксирана дължина | |
| fixed length control field | 180409b bul|||||r ||||||| ||bul|| |
| 010 ## - Наследен системен номер | |
| LC control number | KNG00119789000 |
| 020 ## - Международен стандартен номер на книга ISBN | |
| Международен стандартен номер на книга ISBN | 978-954-771-169-3 |
| -- | издат.: Кръгозор |
| 040 ## - Източник на каталожния запис | |
| Идентификатор на билиотеката - собственик на записа | BLK |
| 041 ## - Код за език | |
| Код за езика на текст/звукозапис или на отделно заглавие | Български |
| Код за езика КДБФ | Български |
| 072 #7 - Код за тематичната категория | |
| Код организация | bullib |
| Код за тематична категория | Н15 |
| Текст | Психология Н |
| 080 ## - УДК | |
| Текстов определител УДК | Развитие на личността. Самосъзнание |
| УДК код - определител по УДК | 159.923.2 |
| УДК определител | (02.062) |
| УДК - код + определител | 159.923.2(02.062) |
| 080 ## - УДК | |
| Текстов определител УДК | Икономическа психология. Икономическо поведение. Физиологични и психологични елементи. Интереси. Икономически дух |
| УДК код - определител по УДК | 330.16 |
| УДК определител | (02.062) |
| УДК - код + определител | 330.16(02.062) |
| 080 ## - УДК | |
| Текстов определител УДК | Етика на бизнеса. Успех |
| УДК код - определител по УДК | 174.4 |
| УДК определител | (02.062) |
| УДК - код + определител | 174.4(02.062) |
| 100 1# - Редна дума - Автор | |
| Автор | Уингет, Лари |
| Авторска отговорност | първи автор |
| R(LIN) | 132734 |
| 139 ## - Редно поле | |
| Редна дума | Уингет, Лари |
| Авторски знак | Уин - У 41 |
| 245 10 - Сведения за заглавието | |
| Заглавие | Размърдай си задника: не се скатавай! Работи! |
| Редно поле (дума) | Лари Уингет; прев. Росица Христова Панайотова. |
| 257 ## - Страна на издаване | |
| Страна на създаване/издаване | Съединени американски щати |
| 260 ## - Област на издателските данни | |
| -- | София |
| Име на издателя, разпространителя и проч. | Кръгозор |
| Година на издаване | 2008 |
| Печатница | София : Експреспринт |
| 300 ## - Физическа характеристика | |
| Страници | 215 с. |
| Размери/Мащаб | 21 см |
| 380 ## - Жанр | |
| Жанр | Философия |
| 500 ## - Общи забележки | |
| Забележка | Ориг. загл. It's Called Work for a Reason! / Larry Winget. - Съдържа и за авт. |
| 650 #4 - Допълнително описание по предмет – тема | |
| Основно описание – тема или топоним | Личност - психология - популярна литература |
| 9 (RLIN) | 262671 |
| 650 #4 - Допълнително описание по предмет – тема | |
| Основно описание – тема или топоним | Икономическо поведение - популярна литература |
| 9 (RLIN) | 263288 |
| 650 #4 - Допълнително описание по предмет – тема | |
| Основно описание – тема или топоним | Успех - популярна литература |
| 9 (RLIN) | 262538 |
| 650 #4 - Допълнително описание по предмет – тема | |
| Основно описание – тема или топоним | Лидерство - популярна литература |
| 9 (RLIN) | 263286 |
| 653 ## - Ключова дума – ненормативна | |
| Ключова дума | психология на личността |
| 653 ## - Ключова дума – ненормативна | |
| Ключова дума | икономическо поведение |
| 653 ## - Ключова дума – ненормативна | |
| Ключова дума | успех |
| 653 ## - Ключова дума – ненормативна | |
| Ключова дума | лидерство |
| 659 ## - Тематичен бюлетин | |
| Тематичен бюлетин | Н |
| 700 ## - Други автори (авторска отговорност) | |
| Лично име | Панайотова, Росица Христова |
| Дати, свързани с автора | 1957- |
| 9 (RLIN) | 371242 |
| 852 ## - Местоположение | |
| Форматна сигнатура | Цб 248697 |
| 856 4# - Електронен адрес и достъп | |
| Електронен формат | pdf - файл |
| Път до файла /url/ | |
| 856 4# - Електронен адрес и достъп | |
| Електронен формат | pdf - файл |
| Път до файла /url/ | |
| 942 ## - АРТИКУЛИ | |
| Вид на библиотечния материал | Книги |
| Скрит в OPAC | Не |
| 944 ## - СЪЗДАВАНЕ И РЕДАКЦИЯ на ЗАПИСА | |
| Създаване/Редакция | Създаване |
| Дата на регистрацията/редакция | 21.09.2010 |
| Статус, дата на статуса | Геновева Генчева |
| Служител, извършил регистрацията/редакцията | 30560 |
| 944 ## - СЪЗДАВАНЕ И РЕДАКЦИЯ на ЗАПИСА | |
| Създаване/Редакция | Редакция |
| Дата на регистрацията/редакция | 21.09.2010 |
| Статус, дата на статуса | ф / 20.09.2010 |
| Служител, извършил регистрацията/редакцията | |
| 999 ## - СИСТЕМНИ КОНТРОЛНИ НОМЕРА | |
| Koha biblionumber | 114358 |
| Koha biblioitemnumber | 114358 |
| Код за отписване | Код за изгубен артикул | Код за повреда | Коз за рестрикции | Код за отдаване | Артикулен № | Име на библиотеката - собственик | Име на библиотеката, в която се намира в момента | Статус (Текущо местоположение) | Дата на вписване в системата | Местоположение - отдел | Цена в лева | Инвентарен номер | Систематично азбучна сигнатура | Баркод | Номер на екземпляра | Цена в евро | Служебна бележка | Служебен тип на артикула |
|---|---|---|---|---|---|---|---|---|---|---|---|---|---|---|---|---|---|---|
| Не е изгубен | Не е повреден | без рестрикции | ползва се в читалня | 182919 | Регионална библиотека "Любен Каравелов" Русе | Регионална библиотека "Любен Каравелов" Русе | Хранилище | 2010-09-02 | Хранилище | 10.90 | 120000745505 | Цб 248697 | 120000745505 | 1 | 5.57 | Дост: Dp Вид: Д N: 50 Дата: 02.12.2009 | Книги |